|
|
|
|
| LEADER |
00000cam a2200000 i 4500 |
| 001 |
1/59656 |
| 008 |
141112q1996 gr |||||||||| ||gre|| |
| 020 |
|
|
|a 9608577705
|
| 035 |
|
|
|l 10119736
|
| 040 |
|
|
|a GR-MY-UA
|b gre
|e aacr
|
| 041 |
0 |
|
|a gre
|
| 082 |
0 |
|
|a 638.1
|2 (23)
|
| 100 |
1 |
|
|a Χαριζάνης, Πασχάλης Χρ.
|e aut
|
| 245 |
1 |
0 |
|a Μέλισσα και μελισσοκομική τεχνική /
|c Πασχάλης Χρ. Χαριζάνης.
|
| 250 |
|
|
|a 2η έκδ.
|
| 260 |
|
|
|a Αθήνα :
|b [χ.ό.],
|c 1996.
|
| 300 |
|
|
|a vii, 263 σ. :
|b έγχρ.εικ., πίν. ;
|c 28 εκ.
|
| 650 |
0 |
0 |
|a Bee culture.
|
| 650 |
0 |
0 |
|a Bees
|x Diseases
|x Prevention.
|
| 650 |
0 |
0 |
|a Bee products.
|
| 852 |
|
|
|a INST
|b LEMNOS
|e 20141112
|h 638.1 ΧΑΡ
|p 005600001648
|q 005600001648
|t BK
|y 0
|
| 920 |
|
|
|a Εύδοξος
|b Παραγγελία
|y Λήμνος-ΤΕΤΔ
|z 2015-05
|
| 922 |
|
|
|a 6ΕΛΗ
|b 201406
|c ΤΑΚ/ΤΕΤΔ
|d Ιωαννίδου
|
| 970 |
|
|
|a Μοσχόβη
|b Ευαγγελία
|z 2014/11/12
|